Countries with More Neighbors than Letters - Statistics

General Stats
  • This quiz has been taken 30,347 times
  • The average score is 15 of 21
Answer Stats
Borders Country % Correct
14 China
96%
14 Russia
94%
10 France
85%
6 India
83%
7 Iran
82%
10 Brazil
80%
6 Iraq
80%
6 Chad
79%
6 Italy
74%
7 Mali
72%
9 Germany
71%
5 Laos
71%
5 Peru
71%
7 Niger
69%
8 Austria
64%
7 Poland
63%
7 Sudan
63%
8 Serbia
56%
8 Turkey
54%
6 Libya
50%
8 Zambia
42%
No matching quizzes found
Score Distribution
Percent of People with Each Score
Percentile by Number Answered
Your Score History
You have not taken this quiz